000 01085cad a22002175a 4500
001 E147437
008 090511e20090511xxk f 001 0 eng d
035 _a(Sirsi) u147437
041 0 _aeng
110 2 _aRoyal Institution of Chartered Surveyors
_94900
245 0 0 _aChartered surveyors launch property advice line
_h[electronic resource]
260 _c2009
490 0 _aRICS Press Release
_v11 May 2009
520 _aRICS has launched Charity Property Help, a service through which Chartered Surveyors will provide free advice to voluntary organisations on all property related issues. 37 property firms have already registered to join RICS Charity Property Help, which will provide registered charities and voluntary organisations a one hour consultation with a member firm or an RICS member free of charge.
590 _aKA
650 2 4 _aRICS CHARITY PROPERTY HELP
651 4 _aUnited Kingdom
_y
690 _aPROPERTY
856 4 0 _uhttps://www.rics.org/RICSWEB/getpage.aspx?p=AIXIU8c9kkSVIKqvv53Ngg
_zView the news release free of charge at www.rics.org...
942 _n0
999 _c81534
_d81534